00277nam a2200109Ia 4500008004100000100002200041245002600063250000900089260004300098300000800141650001800149191201s2009 xx 000 0 und d aMccarthy, Auriela 0aPower of the Possible aRep. aN.DelhibJaico Publication Housec2009 a168 aGeneral Books